000 00718nam a2200289Ia 4500
005 20260324114909.0
008 008 260324s9999 xx 000 0 eng d
020 _a9781003447177
037 _aEBOOK
040 _aCRL
040 _beng
040 _cCRL
041 _2eng
041 _aeng
084 _qCRL
100 _aDiane M. Waryold; James M. Lancaster
_91152572
245 0 _aStudent Conduct Practice
245 4 _bThe Complete Guide for Student Affairs Professionals
260 _bTaylor and Francis
260 _c2020
365 _a
365 _b230
856 _uhttp://www.taylorfrancis.com/books/9781003447177
942 _cEBOOK
999 _c1743042
_d1743042